000 00576nam a2200193Ia 4500
005 20250326141656.0
008 250326s9999 xx 000 0 und d
020 _a81-7169-033-5
037 _aTextbook
040 _aFMSL
_beng
_cFMSL
041 _aeng
_2eng
084 _aX:5.44 M9
_qFMSL
100 _aAgarwal A.k.
245 0 _aIndia's trade and economic co-opration with developing and Socialist countries.
_cAgarwal A.k.
260 _aNew Delhi
_bNew Delhi, Commonwelth
_c1989
300 _a265p
942 _cTB
_hX:5.44 M9
999 _c1291442
_d1291442